000 00544nam a2200181Ia 4500
001 16139
005 20260306170247.0
008 260306t2009||||xx |||||||||||||| ||und||
041 _aESP
082 _a347
_bB84
100 _aBroseta Pont, Manuel
_eAUT
245 0 _aManual de derecho mercantil:
_bintroducción y estatuto del empresario. Derecho de la competencia y de la propiedad industrial. Derecho de sociedades
260 _c2009
300 _a000 páginas :
_c24 cm.
650 _aGEN
654 _aCAN
942 _cLIB
_dJUS
_fJUS
_2ddc
_n
999 _c16139
_d16139